The global economy and international financing / (Record no. 2141)
[ view plain ]
| 000 -LEADER | |
|---|---|
| fixed length control field | 01013nac a22002291u 4500 |
| 010 ## - LIBRARY OF CONGRESS CONTROL NUMBER | |
| LC control number | 00037265 |
| 020 ## - INTERNATIONAL STANDARD BOOK NUMBER | |
| International Standard Book Number | 1567204015 (alk. paper) |
| 082 00 - DEWEY DECIMAL CLASSIFICATION NUMBER | |
| Classification number | 658.1599 |
| Item number | B3924 |
| 090 ## - LOCALLY ASSIGNED LC-TYPE CALL NUMBER (OCLC); LOCAL CALL NUMBER (OCLC) | |
| -- | 2141 |
| -- | 2141 |
| 100 ## - MAIN ENTRY--PERSONAL NAME | |
| Personal name | Beenhakker, Henri L. |
| 245 14 - TITLE STATEMENT | |
| Title | The global economy and international financing / |
| Statement of responsibility, etc | Henri L. Beenhakker. |
| 260 ## - PUBLICATION, DISTRIBUTION, ETC. (IMPRINT) | |
| Place of publication, distribution, etc | Westport, CT : |
| Name of publisher, distributor, etc | Quorum Books ,2001 |
| Date of publication, distribution, etc | 2001. |
| 300 ## - PHYSICAL DESCRIPTION | |
| Extent | xvi, 274 p. : |
| Other physical details | ill. ; |
| Dimensions | 25 cm. |
| 504 ## - BIBLIOGRAPHY, ETC. NOTE | |
| Bibliography, etc | Includes bibliographical references and index. |
| 650 #0 - SUBJECT ADDED ENTRY--TOPICAL TERM | |
| Topical term or geographic name as entry element | International finance. |
| 650 #0 - SUBJECT ADDED ENTRY--TOPICAL TERM | |
| Topical term or geographic name as entry element | Foreign exchange. |
| 650 #0 - SUBJECT ADDED ENTRY--TOPICAL TERM | |
| Topical term or geographic name as entry element | International trade. |
| 650 #0 - SUBJECT ADDED ENTRY--TOPICAL TERM | |
| Topical term or geographic name as entry element | International business enterprises |
| General subdivision | Management. |
| 942 ## - ADDED ENTRY ELEMENTS (KOHA) | |
| Item type | Book - Borrowing |
| Call number prefix | 658.1599B3924 |
| Withdrawn status | Item status | Damaged status | Not for loan | Home library | Current library | Shelving location | Date acquired | Source of acquisition | Total Checkouts | Total Renewals | Full call number | Barcode | Date last seen | Date last borrowed | Cost, replacement price | Koha item type |
|---|---|---|---|---|---|---|---|---|---|---|---|---|---|---|---|---|
| Central Library | Central Library | First floor | 07/02/2012 | Purchase | 2 | 15 | 658.1599 BEE | 000002225 | 15/07/2025 | 17/11/2013 | 560.70 | Book - Borrowing | ||||
| Central Library | Central Library | First floor | 07/02/2012 | Purchase | 3 | 12 | 658.1599 BEE | 000002220 | 15/07/2025 | 31/10/2017 | 560.70 | Book - Borrowing |